000
00286nam a22001217a 4500
008
180316b xxu||||| |||| 00| 0 eng d
041
_a
eng
080
_a
7
100
_a
45
101
_a
art
245
_a
the paralel betwen literature and visual arts
_c
praz.m
942
_2
udc
_c
BK
999
_c
45201
_d
45201